Statistiken für Togo-Quiz

Klicken Sie hier um das Quiz zu spielen!

Allgemein

  • Dieses Quiz wurde 679 mal gespielt
  • Das Durchschnittsergebnis liegt bei 12 aus 18

Antwortstatistiken

FrageAntwort% Korrekt
Nachbarland von TogoGhana
97%
Nachbarland von TogoBenin
96%
Nachbarland von TogoBurkina Faso
94%
AmtsspracheFranzösisch
93%
Land, das Togo als Mandatgebiet von 1916-1960 verwalteteFrankreich
92%
Land, das Togo 1884–1916 besetzteDeutschland
82%
Golf, an dem Togo grenztGolf von {Guinea}
81%
Bohne, die mehr als 20% der Exporte ausmachtKakao
81%
Hauptstadt von TogoLomé
79%
Historische Region, die die Küste Togos beinhaltete, nach einem grausamen Handel benannt{Sklaven}küste
77%
Ausländische Hauptstadt, die 172 km westlich von der Hauptstadt Togos liegtAccra
73%
Kolonialer Name TogosTogo{land}
50%
Flächenmässig größter See TogosTogosee
44%
Togo ist weltweit der fünftgrößte Produzent dieser WurzelknolleYam
43%
Togo hat weltweit die viertgrößte Reserve an Phosphat, der meistens gebraucht wird um dies zu produzierenDüngemittel
41%
Längster Fluss (Hinweis: Vorsilbe für "eins" oder "einzel")Mono
34%
Togolesischer Fußballspieler mit 97 Premier-League TorenEmmanuel Adebayor
28%
Unter den afrikanischen Ländern, besitzt Togo der größte Anteil an Bürger, die diese "ismus" Religion praktizieren{Anim}ismus
23%

Verteilung der Resultate

Perzentil nach korrekt beantworteten Fragen

Anzahl Personen mit jedem Resultat

Ihre Resultats-Entwicklung

Sie haben dieses Quiz noch nicht gespielt